000 00627nam a22002417a 4500
003 UA-OsUOA
001 90473
007 ta
008 20121116b un ||||| |||| 00| 0 ukr d
100 _aМихайлов Н.
090 _a821.161.1
_bМ69
942 _cBK
040 _aUA-OsUOA
_brus
_cUA-OsUOA
_dUA-OsUOA
245 _aИронические рассказы
300 _a63 с.
955 _a0
041 _arus
080 _a821.161.1
260 _aСевастополь
_bЭКОСИ
_c1995
044 _aRU
650 7 _a82 Література. Літературознавство
_2UDC
999 _c376579
_d376579